=LDR 00000nam 2200000 4500 =001 000414 =005 20250710033653 =035 ##$$a 0010-0725000276 =007 ta =008 250710################a##########0#ind## =020 ##$$a 978-623-307-630-2 =082 ##$$a 398.209 598 =084 ##$$a 398.209 598 TRO m =100 #$$a Trong, Vu'o'ng =245 1#$$a Mari Berjabat Tangan /$c Vu'o'ng Trong =250 ##$$a Cetakan Pertama =260 ##$$a Jakarta Timur :$b Badan Pengembangan dan Pembinaan Bahasa,$c 2024 =300 ##$$a 16 hlm. : $b ilus. ; $c 22,9 cm =650 #4$$a Cerita Anak Indonesia-Terjemahan =600 #4$$a Literasi-Bahan Bacaan =856 ##$$a TBM As Suhada =990 ##$$a TBM01390139